|
|
|
|
| LEADER |
00000cam a2200000 i 4500 |
| 001 |
1/3668 |
| 008 |
100126s1992 gr | ||| |||| ||gre|| |
| 035 |
|
|
|l 10106455
|
| 040 |
|
|
|a GR-MyUA
|b gre
|e AACR2
|
| 041 |
0 |
|
|a gre
|
| 082 |
0 |
|
|a 938.94
|2 (22)
|
| 100 |
1 |
|
|a Γιαννακένας, Ιωάννης Χρ.
|
| 245 |
1 |
0 |
|a Βόρειος Μακεδονία :
|b η απάντηση στα Σκόπια /
|c Ιωάννου Χρ. Γιαννακένα ; προλογίζει ο Νικόλαος Μάρτης.
|
| 260 |
|
|
|a Αθήναι :
|b Πελασγός,
|c 1992.
|
| 300 |
|
|
|a 96 σ. ;
|c 21 εκ.
|
| 504 |
|
|
|a Περιέχει βιβλιογραφικές παραπομπές.
|
| 650 |
0 |
0 |
|a Macedonian question.
|
| 651 |
|
0 |
|a Macedonia (Greece)
|x History.
|
| 651 |
|
0 |
|a Greece
|x Foreign relations
|z Balkan Peninsula.
|
| 651 |
|
0 |
|a Former Yugoslav republics
|x Ethic relations.
|
| 852 |
|
|
|a INST
|b SAMOS
|e 20100126
|h 938.94 ΓΙΑ
|p 005300030775
|q 005300030775
|t BK
|y 0
|
| 901 |
|
|
|a BIBL3-2010-1
|
| 909 |
|
|
|a Σ
|b 158625
|
| 970 |
|
|
|a ΡΟΥΣΣΟΥ
|b ΚΩΝΣΤΑΝΤΙΝΑ
|z 2010/01/26
|